000 00931nam a22003137a 4500
003 CHAP
005 20220329135042.0
008 971013s1965 r 00010 d
010 _a30177
011 _a31149
035 _a35261
040 _cCHAP
082 _a574
_bN38
100 0 0 _aNason, Alvin.
_980272
245 _aTextbook of modern biology
260 _aNew York :
_bWiley,
_c1965
300 _a796 p.
_b: ilus.
490 _aWiley international edition
590 _aBATCH-UPD
_b10
_c20130110
_lUCH01
_h0117
590 _aBATCH-UPD
_b10
_c20130110
_lUCH01
_h1805
590 _aBATCH-UPD
_b10
_c20130410
_lUCH01
_h1141
590 _aBATCH-UPD
_b10
_c20130914
_lUCH01
_h0633
590 _aCONVERSION
_b10
_c20130109
_lUCH01
_h1317
650 1 4 _aBiologĂ­a.
_912773
830 0 _aWiley international edition
_9121936
901 _aBK
942 _cLIBRO
949 _a574 N38
_bBC
_cLIBRO
_d33724000458063
_eLIBRO
_h17992
_i35261
_si
999 _c30177
_d30177